Tous les clubs victimes de Raúl - Statistiques

Statistiques générales
  • Ce quiz a été pris 17 fois
    16 depuis la dernière actualisation
  • Le résultat moyen est 32 sur 93
Statistiques - réponses
Pays Club % Correct
Espagne FC Barcelone 15
100%
Espagne FC Séville 13
100%
Allemagne Bayern Munich 4
92%
Espagne Betis Séville 8
92%
Allemagne Borussia Dortmund 1
92%
Italie AC Milan 3
83%
Espagne Atletico Madrid 11
83%
Italie Inter Milan 2
83%
Italie AS Rome 5
75%
Espagne Athletic Bilbao 15
75%
Italie Juventus 1
75%
Angleterre Manchester United 4
75%
Espagne Villarreal 5
75%
Espagne Osasuna 5
67%
Espagne RCD Majorque 9
67%
Espagne Real Sociedad 7
67%
Espagne Real Zaragoza 16
67%
France AS Monaco 1
58%
Espagne Celta Vigo 8
58%
Espagne Deportivo Alavés 8
58%
Espagne Deportivo La Corogne 12
58%
Espagne Malaga 6
58%
Espagne Valence 17
58%
Allemagne Werder Brême 7
58%
Russie Zenith Saint-Pétersbourg 2
58%
Espagne Cadiz 1
50%
Espagne Espanyol Barcelone 17
50%
Portugal FC Porto 1
50%
Roumanie FCSB 2
50%
Italie Lazio Rome 2
50%
Grèce Olympiakos 4
50%
Espagne Rayo Vallecano 6
50%
Espagne Real Oviedo 8
50%
Espagne Real Valladolid 18
50%
Espagne Sporting Gijon 5
50%
Espagne UD Almeria 1
50%
Allemagne VfL Wolfsburg 2
50%
Belgique Anderlecht 2
42%
Espagne CD Tenerife 4
42%
Suisse FC Zürich 1
42%
Turquie Galatasaray 3
42%
Espagne Racing Santander 13
42%
Russie Spartak Moscou 2
42%
Allemagne Bayer Leverkusen 3
33%
Allemagne Borussia Monchengladbach 2
33%
Espagne CD Leganés 2
33%
Ukraine Dynamo Kiev 5
33%
Espagne Hércules 3
33%
Russie Lokomotiv Moscou 2
33%
Grèce Panathinaïkos 2
33%
Arabie Saoudite Al-Nassr 1
25%
Allemagne FC Cologne 5
25%
Allemagne Hertha Berlin 1
25%
Angleterre Leeds United 3
25%
Serbie Partizan Belgrade 1
25%
Allemagne SC Fribourg 1
25%
Allemagne FC Augsbourg 1
17%
Hongrie Ferencvaros 4
17%
Espagne Real Union Club 3
17%
Norvège Rosenborg 4
17%
Espagne Albacete Balompié 3
8%
Qatar Al-Duhail 1
8%
Biélorussie BATE Borisov 1
8%
Espagne CD Numancia 2
8%
Allemagne FC Kaiserslautern 1
8%
Allemagne FC Nuremberg 2
8%
Espagne Gimnàstic de Tarragona 3
8%
Israël Hapoel Tel Aviv 2
8%
Allemagne Hoffenheim 1
8%
Belgique KRC Genk 1
8%
Espagne Real Murcia 1
8%
Espagne Recreativo Huelva 2
8%
Qatar Al-Gharafa 2
0%
Qatar Al-Khor 1
0%
Qatar Al-Rayyan 1
0%
Qatar Al-Wakrah 1
0%
Mexique Club Necaxa 1
0%
Allemagne FC Sankt-Pauli 3
0%
Allemagne FC Teningen 2
0%
Suisse Grasshopper Club Zürich 1
0%
Allemagne Hannovre 96 3
0%
Etats-Unis Indy Eleven 1
0%
Etats-Unis Jacksonville Armada 1
0%
Etats-Unis Minnesota United 1
0%
Etats-Unis North Carolina FC 1
0%
Qatar Qatar SC 3
0%
Espagne San Sebastian de los Reyes 1
0%
Espagne SD Compostella 3
0%
Autriche Sturm Graz 1
0%
Etats-Unis Tampa Bay Rowdies 1
0%
Espagne UD Las Palmas 1
0%
Qatar Umm Salal 2
0%
Brésil Vasco de Gama 1
0%
Aucun quiz correspondant
Distribution des résultats
% des personnes avec chaque résultat
Percentile par nombre de réponses
Votre historique - résultats
Vous n’avez pas pris ce quiz depuis la dernière actualisation